00447 2200181 4500001002100000005001500021035002000036008004100056245005400097100002100151250000600172260003100178300001200209084001400221082000800235650001000243990001200253INLIS00000000000110920240522091458 a0010-0524000344240522 1 ind 1 aPermen Cokelat & Serpihan Roti /cMersa Lestari N aLestari N, Mersa a1 aJakarta :bKatakita,c2006 a155 hlm a813 MER p a813 4aFiksi a0744087